| 000 | 00605cam0a220021700 4500 | ||
|---|---|---|---|
| 001 | zam00003239 | ||
| 008 | 951128s1973 xx eng u | ||
| 035 | _a(Sirsi) r20571 | ||
| 035 | _a(MACHINE)SLC. | ||
| 100 |
_aEvans, H. _6A81681.1 |
||
| 245 | 1 | 0 |
_aEditing and design : _bBook five newspaper design. |
| 260 | _c1973. | ||
| 949 |
_aPN4775 _wlcc _mMAIN _p2500 _tSHORTLOAN _lSHORTLOAN |
||
| 004 | 20571 | ||
| 591 | _aClass code: MC 420. | ||
| 591 | _aCourse: Reporting. | ||
| 591 | _aSchool: S05. | ||
| 591 | _aLecturer: Prof. KASOMA, F.P. | ||
| 591 | _aNumber of Students: 30. | ||
| 909 | _aBook | ||
| 999 |
_c171831 _d171831 |
||